Overwatch Charaktere nach Bild - Statistiken

Allgemein
  • Dieses Quiz wurde 200 mal gespielt
  • Das Durchschnittsergebnis liegt bei 33 aus 40
Antwortstatistiken
Bildquiz Antwort % Korrekt
Ana
92%
Genji
92%
Mercy
92%
Widowmaker
91%
Ashe
90%
Doomfist
90%
Hanzo
90%
Lucio
90%
Moira
90%
Soldier: 76
89%
Tracer
89%
Winston
89%
Mei
88%
Reaper
88%
Roadhog
88%
Brigitte
87%
D.VA
87%
Echo
87%
Bastion
86%
Junkrat
86%
Reinhardt
86%
Pharah
85%
Torbjörn
84%
Junker Queen
83%
Sombra
83%
Cassidy
82%
Orisa
82%
Wrecking Ball
82%
Zarya
82%
Sigma
81%
Baptiste
80%
Zenyatta
80%
Kiriko
79%
Symmetra
79%
Ramattra
71%
Mauga
70%
Illari
69%
Lifeweaver
69%
Sojourn
64%
Venture
60%
Keine übereinstimmenden Quizze gefunden
Verteilung der Resultate
Anzahl Personen mit jedem Resultat
Perzentil nach korrekt beantworteten Fragen
Ihre Resultats-Entwicklung
Sie haben dieses Quiz noch nicht gespielt